Would Australia's real 'real output' please stand up?

Gespeichert in:
Bibliographische Detailangaben
1. Verfasser: Layton, Allan P.
Format: Buch
Sprache:Englisch
Veröffentlicht: Brisbane The University of Queensland 1992
Schriftenreihe:Discussion Paper No. 82
Schlagworte:
Tags: Tag hinzufügen
Keine Tags, Fügen Sie das erste Tag hinzu!

MARC

LEADER 00000nam a2200000 4500
001 c100348
005 20221123102430.0
022 |a 1033-4661 
041 0 |a eng 
044 |a AU 
245 1 0 |a Would Australia's real 'real output' please stand up?  |c Allan P. Layton 
264 1 |a Brisbane  |b The University of Queensland  |c 1992 
300 |a 22 s. 
490 1 |a Discussion Paper  |v No. 82 
830 0 |a Discussion Paper  |v No. 82 
610 2 0 |a produkt domáci hrubý 
610 2 0 |a produkt spoločenský úhrnný 
610 2 0 |a rast hospodársky 
610 2 0 |a dôchodok národný 
610 2 0 |a Austrália 
100 1 |a Layton, Allan P.